Lucinda's rustic Italian kitchen (Record no. 236195)

MARC details
000 -LEADER
fixed length control field 00655nam a2200205Ia 4500
008 - FIXED-LENGTH DATA ELEMENTS--GENERAL INFORMATION
fixed length control field 191130s2007##################000#0#eng##
020 ## - INTERNATIONAL STANDARD BOOK NUMBER
ISBN 9780471793816
082 ## - DEWEY DECIMAL CLASSIFICATION NUMBER
Classification number 641.5945 QUI
100 ## - MAIN ENTRY--AUTHOR NAME
Personal name Scala Quinn, Lucinda
245 ## - TITLE STATEMENT
Title Lucinda's rustic Italian kitchen
Statement of responsibility, etc Lucinda Scala Quinn ; photographs by Quentin Bacon
260 ## - PUBLICATION, DISTRIBUTION, ETC. (IMPRINT)
Place of publication Hoboken, NJ
Name of publisher John Wiley & Sons
Year of publication 2007
300 ## - PHYSICAL DESCRIPTION
Number of Pages 120 p. : ill. (chiefly col.) ; 21 cm
500 ## - GENERAL NOTE
General note Includes bibliographical references and index
650 ## - SUBJECT ADDED ENTRY--TOPICAL TERM
Topical Term Cooking, Italian
991 ## -
-- 314191
Holdings
Withdrawn status Lost status Damaged status Not for loan Home library Current library Shelving location Date acquired Full call number Accession Number Price effective from Koha item type
        Anna Centenary Library Anna Centenary Library 6TH FLOOR, A WING 13.10.2020 641.5945 QUI 132764 13.10.2020 English Books

Find us on the map